| 000 | 00661nam a22002057a 4500 | ||
|---|---|---|---|
| 003 | OSt | ||
| 008 | 260504b |||||||| |||| 00| 0 eng d | ||
| 082 |
_a633.369958 _bY-1I |
||
| 100 | _aYadav, Kapildeo. | ||
| 245 |
_aInvestigations on the Relative Performance of Pigeonpea Based Intercropping Systems in Relation to Weed Management Practices Under Dryland Conditions / _cby Kapildeo Yadava |
||
| 260 |
_a.- Sabour, Bhagalpur _b: Bihar Agricultural College, RAU _c, 1990 |
||
| 300 | _a157p. | ||
| 502 |
_bPh.D. _d1990 |
||
| 650 | _aAgronomy | ||
| 650 | _aPigeonpea | ||
| 650 | _aWeed Management | ||
| 650 | _aThesis | ||
| 650 | _aPh. D. | ||
| 942 |
_2ddc _cT |
||
| 999 |
_c50382 _d50382 |
||